000 00321 a2200157 4500
001 178897
020 _a
040 _cMagnum
100 _aGewandsznajder, Fernando
240 1 0 _aDinossauros
_lpor
245 1 0 _aDinossauros
362 0 _a1899
440 1 _aÁtica
697 _aMAGNITO: PARADIDATICOS
942 _cBK
999 _c178897
_d178897